000 01057nam a22002537a 4500
999 _c10797
_d10797
003 AR-CdUCM
008 190402b ||||| |||| 00| 0 spa d
020 _a9972-745-39-2
040 _aMUNICIPALIDAD PROVINCIAL DEL CUSCO
_cBIBLIOTECA MUNICIPAL DEL CUSCO
082 _aES / 373.300 /
_bP84
100 _aPrado Vargas Machuca, María Inés
_927831
245 _aProtagonistas 4 :
_bCiencias sociales para secundaria /
260 _aPerú :
_bGrupo editorial Norma,
_c1999.
300 _a295 paginas
_c28 cm.
440 _aSerie protagonistas
_927816
505 _aContenido :El desarrollo humano -- Las oligarquías en América Latina -- Una crisis capitalista: la gran depresión de 1929 -- Crisis económica y distensión política -- Los estados nacionales en cuestión ...
650 _aHistoria del Perú
_9259
650 _aEducación secundaria
_94648
700 _aVilla Esteves, Deolinda
_927832
700 _aOlano de Cieza, Pamela
_927833
700 _aHaya de la Torre de la Rosa, Agustín
_927834
942 _2ddc
_cLIBROS
945 _arum